000 00751nam a2200205Ia 4500
005 20241129110203.0
008 241129s9999||||xx |||||||||||||| ||und||
037 _aREF
040 _aARTS
_bhin
_cARTS
041 _ahin
_2hin
084 _aO152,3M90x M8.1-.10(RR)
_qARTS
100 _aगुरूदत्त, ले.
245 0 _aसाहित्यकार गुरूदत्त प्रतिनिधि रचनाएं
_cगुरूदत्त, ले.
260 _aनई दिल्ली, भारत
_bहिन्दी साहित्य सदन
_c1988
365 _aINR
_b400
490 _vV2
650 _aHindi Fiction
942 _cREF
_hO152,3M90x M8.1-.10(RR)
999 _c1227652
_d1227652